El universo poético de César Vallejo /

Gorde:
Xehetasun bibliografikoak
Egile nagusia: Ferrari, Américo
Formatua: Ezezaguna
Hizkuntza:Spanish
Argitaratua: Venezuela : Monte Ávila Editores, 1972.
Gaiak:
Etiketak: Etiketa erantsi
Etiketarik gabe, Izan zaitez lehena erregistro honi etiketa jartzen!

MARC

LEADER 000000000a22000000004500
001 011346
041 0 |a spa 
082 0 4 |a Pe861.4D   |b V192f 
100 1 |a Ferrari, Américo 
245 1 3 |a El universo poético de César Vallejo /   |c Américo Ferrari. 
260 1 |a Venezuela :   |b Monte Ávila Editores,   |c 1972. 
300 |a 349 páginas 
500 |a Colección George Yúdice 
650 4 |a VALLEJO, CESAR ABRAHAM, 1892-1938 
650 4 |a LITERATURA PERUANA 
650 4 |a HISTORIA Y CRITICA 
999 |c 16643  |d 16643 
942 |c BK  |h Pe861.4D V192f  |2 z